000 00829nam a22002417a 4500
003 EG-ScBUE
005 20221116034438.0
008 100715s2004 ua o f 000 0 ara d
017 _a2004 / 4419
020 _a9773056902
040 _aEG-ScBUE
_bara
_erda
_cEG-ScBUE
_dEG-ScBUE
082 0 4 _222
_a784.8
_bع ط ي
100 1 _916327
_aعطية، كمال،
_eمؤلف.
245 1 0 _aمذكرات أغنية في أفلام المخرج كمال عطية.
264 1 _aالقاهرة :
_bالهيئة العامة لقصور الثقافة،
_c2004.
300 _a178 صفحة :
_bصور ؛
_c24 سم.
490 0 _aآفاق السينما ؛
_v37
541 _aألف باء ؛
_cشراء ؛
650 7 _916328
_aالأغاني
_xمجموعات.
_2BUEsh
653 _bART
655 _vReading book
942 _2ddc
_cBB
999 _c14487
_d14487